An introduction to operating systems : (Record no. 168640)

MARC details
000 -LEADER
fixed length control field 00704nam a22002057a 4500
005 - DATE AND TIME OF LATEST TRANSACTION
control field 20191018113736.0
010 ## - LCCN (DPL NO)
LC control number ENG-126695
020 ## - INTERNATIONAL STANDARD BOOK NUMBER
International Standard Book Number 9789387472877
Terms of availability 595.00
035 ## - SYSTEM CONTROL NUMBER
System control number EN-110227
037 ## - SOURCE OF ACQUISITION
Source of stock number/acquisition DBAD/PUB
082 ## - DEWEY DECIMAL CLASSIFICATION NUMBER
Classification number 001.642
100 ## - MAIN ENTRY--PERSONAL NAME
Personal name Bhatt, Pramod Chandra P.
245 ## - TITLE STATEMENT
Title An introduction to operating systems :
Statement of responsibility, etc by Pramod Chandra P. Bhatt
Remainder of title concepts and practice [GNU/ Linux and windows ] /
250 ## - EDITION STATEMENT
Edition statement 5th ed.
260 ## - PUBLICATION, DISTRIBUTION, ETC. (IMPRINT)
Place of publication, distribution, etc Delhi
Name of publisher, distributor, etc PHI Learning
Date of publication, distribution, etc 2019
270 ## - ADDRESS
Address Rimjhim House,111, Patparganj Industrial Estate
City Delhi
Postal code 110092
300 ## - PHYSICAL DESCRIPTION
Extent xxi;681p.
Dimensions 23cm(pbk)
500 ## - GENERAL NOTE
General note Includes bibliographical references and index
942 ## - ADDED ENTRY ELEMENTS (KOHA)
Source of classification or shelving scheme Dewey Decimal Classification
Item type English Books
Classification part 001.642
Call number suffix BHA
Holdings
Withdrawn status Lost status Not for loan Collection code Home library Current library Date acquired Source of acquisition Cost, normal purchase price Full call number Barcode Copy number Cost, replacement price Koha item type
      Non-fiction Central Library Central Library 18/10/2019 DBAD/PUB 595.00 001.642 BHA EN-110227 1 595.00 English Books

© Delhi Public Library
Hit Counter
free hit counter